[Event "FRA-chT Gp-A"]
[Site "France"]
[Date "2003.02.01"]
[Round "2.6"]
[White "Moracchini, Fabrice"]
[Black "Peyrat, Olivier"]
[Result "1-0"]
[WhiteElo "2302"]
[BlackElo "2286"]
[PlyCount "108"]
[EventDate "2003.01.31"]
[EventType "team-tourn"]
[EventRounds "7"]
[EventCountry "FRA"]
[SourceTitle "CBM 094"]
[Source "ChessBase"]
[SourceDate "2003.05.26"]
[SourceVersion "1"]
[SourceVersionDate "2003.05.26"]
[SourceQuality "1"]
[WhiteTeam "Drancy"]
[BlackTeam "Noyon"]
[WhiteTeamCountry "FRA"]
[BlackTeamCountry "FRA"]

1. d4 f5 2. g3 Nf6 3. Bg2 e6 4. c4 c6 5. Nf3 d5 6. 0-0 Bd6 7. b3 Qe7 8. Bb2 0-0 9. Qc1 Na6 10. Ba3 Bd7 11. Bxd6 Qxd6 12. c5 Qe7 13. Nbd2 b6 14. Qa3 Nc7 15. Rac1 a5 16. Qb2 b5 17. a3 Kh8 18. Ne5 a4 19. b4 g5 20. f3 Rg8 21. g4 Rg7 22. Rf2 Ng8 23. Nf1 Nh6 24. Ng3 Rf8 25. e3 Ne8 26. Bf1 Nf6 27. h3 Nf7 28. Bd3 f4 29. Nf1 Nxe5 30. dxe5 fxe3 31. Nxe3 Ng8 32. Ng2 Be8 33. Rcf1 Qd7 34. Qd2 Ne7 35. f4 gxf4 36. Nxf4 Rfg8 37. Kh2 Rg5 38. Qe3 R5g7 39. Rg2 Bf7 40. Rfg1 Qc7 41. h4 Re8 42. h5 Rg5 43. Re1 Rgg8 44. Qf2 Rgf8 45. Qh4 Bg8 46. Rf2 Qd7 47. Ref1 Qd8 48. Kh3 Qd7 49. Qg5 Rf7 50. Qh6 Ref8 51. Qg5 Rg7 52. Qh4 Qc7 53. h6 Rgf7 54. Nxe6 Rxf2 1-0

[Event "Bagneux 10th"]
[Site "Bagneux"]
[Date "2002.12.17"]
[Round "9"]
[White "Peyrat, Olivier"]
[Black "Philippe, Christophe"]
[Result "1/2-1/2"]
[WhiteElo "2300"]
[BlackElo "2313"]
[PlyCount "24"]
[EventDate "2002.12.09"]
[EventType "tourn"]
[EventRounds "9"]
[EventCountry "FRA"]
[EventCategory "5"]
[SourceTitle "CBM 091 Extra"]
[Source "ChessBase"]
[SourceDate "2003.01.09"]
[SourceVersion "1"]
[SourceVersionDate "2003.01.09"]
[SourceQuality "1"]

1. c4 f5 2. g3 Nf6 3. Bg2 g6 4. Nc3 Bg7 5. d3 d6 6. Rb1 a5 7. a3 0-0 8. e3 e5 9. Nge2 Nc6 10. b4 axb4 11. axb4 Kh8 12. 0-0 Ne7 1/2-1/2

[Event "Bagneux 10th"]
[Site "Bagneux"]
[Date "2002.12.16"]
[Round "8"]
[White "Brochet, Philippe"]
[Black "Peyrat, Olivier"]
[Result "1-0"]
[WhiteElo "2425"]
[BlackElo "2300"]
[PlyCount "45"]
[EventDate "2002.12.09"]
[EventType "tourn"]
[EventRounds "9"]
[EventCountry "FRA"]
[EventCategory "5"]
[SourceTitle "CBM 091 Extra"]
[Source "ChessBase"]
[SourceDate "2003.01.09"]
[SourceVersion "1"]
[SourceVersionDate "2003.01.09"]
[SourceQuality "1"]

1. e4 c6 2. d4 d5 3. e5 Bf5 4. Nf3 e6 5. Be2 c5 6. Be3 Qb6 7. Nc3 Qxb2 8. Nb5 Na6 9. dxc5 Bxc2 10. Qc1 Qxc1+ 11. Rxc1 Bg6 12. 0-0 Kd7 13. Nd6 Nb4 14. Rb1 a5 15. a3 Bxd6 16. exd6 Bxb1 17. Ne5+ Ke8 18. axb4 Bg6 19. Bb5+ Kd8 20. c6 bxc6 21. Bb6+ Kc8 22. Bxc6 Kb8 23. Bc7+ 1-0

[Event "Bagneux 10th"]
[Site "Bagneux"]
[Date "2002.12.14"]
[Round "6"]
[White "De Sousa, Jose Claude"]
[Black "Peyrat, Olivier"]
[Result "1/2-1/2"]
[WhiteElo "2304"]
[BlackElo "2300"]
[PlyCount "60"]
[EventDate "2002.12.09"]
[EventType "tourn"]
[EventRounds "9"]
[EventCountry "FRA"]
[EventCategory "5"]
[SourceTitle "CBM 091 Extra"]
[Source "ChessBase"]
[SourceDate "2003.01.09"]
[SourceVersion "1"]
[SourceVersionDate "2003.01.09"]
[SourceQuality "1"]

1. e4 d6 2. d4 Nf6 3. Nc3 e5 4. Nge2 Nbd7 5. f3 c6 6. Be3 a6 7. g4 Qc7 8. Ng3 b5 9. g5 Ng8 10. Qd2 h6 11. h4 hxg5 12. hxg5 Rxh1 13. Nxh1 Ne7 14. 0-0-0 Ng6 15. Ng3 Bb7 16. Nf5 Rd8 17. Bh3 Nb6 18. b3 b4 19. Nb1 c5 20. d5 Ra8 21. Bf1 Bc8 22. Qh2 Ne7 23. Nxe7 Qxe7 24. Nd2 g6 25. Qh8 Bd7 26. Re1 Bb5 27. Bh3 a5 28. f4 a4 29. fxe5 Qxe5 30. Qxe5+ dxe5 1/2-1/2

[Event "Bagneux 10th"]
[Site "Bagneux"]
[Date "2002.12.13"]
[Round "5"]
[White "Peyrat, Olivier"]
[Black "Zigura, Oleg"]
[Result "1/2-1/2"]
[WhiteElo "2300"]
[BlackElo "2401"]
[PlyCount "78"]
[EventDate "2002.12.09"]
[EventType "tourn"]
[EventRounds "9"]
[EventCountry "FRA"]
[EventCategory "5"]
[SourceTitle "CBM 091 Extra"]
[Source "ChessBase"]
[SourceDate "2003.01.09"]
[SourceVersion "1"]
[SourceVersionDate "2003.01.09"]
[SourceQuality "1"]

1. c4 Nf6 2. g3 g6 3. Bg2 d5 4. cxd5 Nxd5 5. Nc3 Nxc3 6. bxc3 Bg7 7. Rb1 0-0 8. Rxb7 Bxb7 9. Bxb7 Nd7 10. Bxa8 Qxa8 11. Nf3 Ne5 12. 0-0 Nxf3+ 13. exf3 Rd8 14. Qe2 e5 15. Qe4 Qd5 16. Qa4 Qxf3 17. Qxa7 Qc6 18. Qe3 Ra8 19. a3 Ra5 20. f3 h5 21. Kg2 h4 22. Rf2 Qe6 23. d3 h3+ 24. Kf1 Qb3 25. Qd2 Bh6 26. Qc2 Qxc2 27. Rxc2 Bxc1 28. Rxc1 Rxa3 29. Rc2 Ra1+ 30. Kf2 Rh1 31. Ke3 g5 32. g4 Kg7 33. d4 Kf6 34. d5 Rg1 35. c4 Ke7 36. c5 Kd7 37. Kd3 Rd1+ 38. Rd2 Rc1 39. Rc2 Rd1+ 1/2-1/2

[Event "Bagneux 10th"]
[Site "Bagneux"]
[Date "2002.12.11"]
[Round "3"]
[White "Nguyen, Chi Minh"]
[Black "Peyrat, Olivier"]
[Result "1-0"]
[WhiteElo "2358"]
[BlackElo "2300"]
[PlyCount "103"]
[EventDate "2002.12.09"]
[EventType "tourn"]
[EventRounds "9"]
[EventCountry "FRA"]
[EventCategory "5"]
[SourceTitle "CBM 091 Extra"]
[Source "ChessBase"]
[SourceDate "2003.01.09"]
[SourceVersion "1"]
[SourceVersionDate "2003.01.09"]
[SourceQuality "1"]

1. d4 d5 2. c4 c6 3. Nc3 Nf6 4. Nf3 e6 5. e3 Nbd7 6. Qc2 Bd6 7. b3 Qe7 8. Bb2 b6 9. Bd3 Bb7 10. 0-0 0-0 11. cxd5 cxd5 12. Nb5 Rfc8 13. Qe2 Ne4 14. Nxd6 Qxd6 15. Rfc1 f6 16. Ba6 Rxc1+ 17. Rxc1 Bc6 18. Qc2 Nb8 19. Bd3 a5 20. Ne1 h6 21. f3 Ng5 22. a4 Ra7 23. Qd2 Rc7 24. Nc2 Bb7 25. Rb1 Ba6 26. Na3 Bxd3 27. Qxd3 Rc6 28. Nb5 Qd7 29. Ba3 Nf7 30. e4 Rc8 31. Re1 Nc6 32. Qe3 Ncd8 33. exd5 Qxd5 34. Be7 Qd7 35. Bxd8 Nxd8 36. Qe4 Kf7 37. Rd1 f5 38. Qe5 Nc6 39. Qf4 Rd8 40. g4 g5 41. Qe3 Qd5 42. gxf5 exf5 43. h4 Rg8 44. hxg5 hxg5 45. Kf2 Kf6 46. Rh1 Rg6 47. Qe8 g4 48. Qh8+ Rg7 49. Rh6+ Kg5 50. Qxg7+ Kf4 51. Qc7+ Kg5 52. Qxc6 1-0

[Event "Bagneux 10th"]
[Site "Bagneux"]
[Date "2002.12.09"]
[Round "1"]
[White "Le Quang, Kim"]
[Black "Peyrat, Olivier"]
[Result "1-0"]
[WhiteElo "2274"]
[BlackElo "2300"]
[PlyCount "109"]
[EventDate "2002.12.09"]
[EventType "tourn"]
[EventRounds "9"]
[EventCountry "FRA"]
[EventCategory "5"]
[SourceTitle "CBM 091 Extra"]
[Source "ChessBase"]
[SourceDate "2003.01.09"]
[SourceVersion "1"]
[SourceVersionDate "2003.01.09"]
[SourceQuality "1"]

1. c4 Nf6 2. g3 e5 3. Bg2 Be7 4. Nc3 0-0 5. d3 c6 6. e4 a6 7. Nge2 d6 8. 0-0 b5 9. a3 Nbd7 10. h3 Rb8 11. cxb5 axb5 12. b4 Bb7 13. Be3 Ba8 14. Qb3 Nb6 15. f4 Nfd7 16. Rf2 Bb7 17. Raf1 Qe8 18. Kh2 Bd8 19. f5 Kh8 20. g4 f6 21. Ng3 Qf7 22. Qe6 Bc7 23. Rc1 Na8 24. Bf3 Qxe6 25. fxe6 Bb6 26. Bxb6 Ndxb6 27. Nf5 Nc8 28. Bd1 g6 29. Ne3 Ne7 30. Bb3 Kg7 31. Rcf1 Nc7 32. g5 Ne8 33. h4 h5 34. gxh6+ Kxh6 35. Kg3 Ra8 36. Ng4+ Kg7 37. a4 bxa4 38. Nxa4 Ba6 39. Nb6 Rb8 40. Nd7 Rxb4 41. Nxf8 Rxb3 42. Nxf6 Nf5+ 43. exf5 Nxf6 44. fxg6 Bxd3 45. Rf3 e4 46. Re3 Rb7 47. Rf2 Re7 48. h5 Nxh5+ 49. Kg4 Nf6+ 50. Kg5 Nd5 51. Rh3 e3 52. Rfh2 Re8 53. Rh7+ Kxf8 54. Rh8+ Ke7 55. R2h7+ 1-0

[Event "Paris-ch op"]
[Site "Paris"]
[Date "2002.07.13"]
[Round "8"]
[White "Peyrat, Olivier"]
[Black "Callet, Emmanuel"]
[Result "0-1"]
[WhiteElo "2300"]
[BlackElo "2147"]
[PlyCount "69"]
[EventDate "2002.07.06"]
[EventType "swiss"]
[EventRounds "9"]
[EventCountry "FRA"]
[SourceTitle "CBM 089 Extra"]
[Source "ChessBase"]
[SourceDate "2002.09.10"]
[SourceVersion "2"]
[SourceVersionDate "2002.09.10"]
[SourceQuality "1"]

1. Nf3 d5 2. c4 c6 3. g3 Nf6 4. Bg2 Bf5 5. cxd5 cxd5 6. Qb3 Qc8 7. Nc3 e6 8. 0-0 Nc6 9. d3 Be7 10. Bf4 0-0 11. Nh4 Bg6 12. Nxg6 hxg6 13. e4 d4 14. Ne2 e5 15. Bd2 Nd7 16. f4 b6 17. Rf3 a5 18. a3 Nc5 19. Qd1 Qa6 20. Be1 a4 21. Rc1 Rad8 22. Bf1 f5 23. Bf2 fxe4 24. dxe4 Qb7 25. Rxc5 bxc5 26. Qxa4 Rc8 27. Bh3 Rf6 28. Bxc8 Qxc8 29. Kg2 Qe6 30. fxe5 Rxf3 31. Kxf3 Nxe5+ 32. Kg2 Qf7 33. Qa8+ Kh7 34. Qc8 Qf3+ 35. Kf1 0-1

[Event "Paris-ch op"]
[Site "Paris"]
[Date "2002.07.12"]
[Round "7"]
[White "Rouzaud, Philippe"]
[Black "Peyrat, Olivier"]
[Result "1-0"]
[WhiteElo "2205"]
[BlackElo "2300"]
[PlyCount "65"]
[EventDate "2002.07.06"]
[EventType "swiss"]
[EventRounds "9"]
[EventCountry "FRA"]
[SourceTitle "CBM 089 Extra"]
[Source "ChessBase"]
[SourceDate "2002.09.10"]
[SourceVersion "2"]
[SourceVersionDate "2002.09.10"]
[SourceQuality "1"]

1. e4 c6 2. d4 d5 3. exd5 cxd5 4. Bd3 Nc6 5. c3 g6 6. Nf3 Nh6 7. 0-0 Bf5 8. Bf4 Bxd3 9. Qxd3 Bg7 10. Re1 0-0 11. Nbd2 e6 12. Ne5 Ne7 13. Qb5 Qc8 14. Rac1 Nhf5 15. h3 Nc6 16. Nxc6 bxc6 17. Qa5 Qb7 18. b4 Rfe8 19. Nb3 f6 20. Nc5 Qf7 21. Nd3 g5 22. Bh2 Nh4 23. f3 Ng6 24. Qa6 Rac8 25. Re2 Bf8 26. Rce1 Qd7 27. a4 h5 28. Nf2 Nf4 29. Bxf4 gxf4 30. Nd3 Bd6 31. Nc5 Bxc5 32. bxc5 Qf7 33. Rxe6 1-0

[Event "Paris-ch op"]
[Site "Paris"]
[Date "2002.07.11"]
[Round "6"]
[White "Peyrat, Olivier"]
[Black "Steimer, Michel"]
[Result "1/2-1/2"]
[WhiteElo "2300"]
[BlackElo "2110"]
[PlyCount "73"]
[EventDate "2002.07.06"]
[EventType "swiss"]
[EventRounds "9"]
[EventCountry "FRA"]
[SourceTitle "CBM 089 Extra"]
[Source "ChessBase"]
[SourceDate "2002.09.10"]
[SourceVersion "2"]
[SourceVersionDate "2002.09.10"]
[SourceQuality "1"]

1. Nf3 d5 2. g3 c6 3. Bg2 Bg4 4. b3 Nf6 5. Bb2 Nbd7 6. 0-0 e6 7. d3 Bd6 8. c4 0-0 9. Na3 Qe7 10. Nc2 a5 11. Qd2 Rfd8 12. Rad1 a4 13. b4 e5 14. cxd5 Nxd5 15. a3 f6 16. h3 Be6 17. e4 N5b6 18. Rfe1 c5 19. Bc3 Bb3 20. Rb1 Rdc8 21. Rec1 Rc7 22. bxc5 Bxc5 23. Bb4 Rac8 24. Bxc5 Qxc5 25. Nb4 Qd6 26. h4 Nc5 27. Qe3 Ne6 28. Bh3 Kf7 29. Rxc7+ Rxc7 30. Bxe6+ Qxe6 31. Rc1 Qd6 32. Kg2 Nd7 33. Rxc7 Qxc7 34. d4 exd4 35. Qxd4 Be6 36. Qb2 Qc4 37. e5 1/2-1/2

[Event "FRA-chT1"]
[Site "France"]
[Date "2002.02.02"]
[Round "2.6"]
[White "Gerard, Nicolas"]
[Black "Peyrat, Olivier"]
[Result "0-1"]
[WhiteElo "2273"]
[BlackElo "2308"]
[PlyCount "68"]
[EventDate "2002.02.??"]
[EventType "team-tourn"]
[EventRounds "11"]
[EventCountry "FRA"]
[SourceTitle "EXT 2003"]
[Source "ChessBase"]
[SourceDate "2002.11.25"]
[SourceVersion "1"]
[SourceVersionDate "2002.11.25"]
[SourceQuality "1"]
[WhiteTeam "Sautron"]
[BlackTeam "Noyon"]
[WhiteTeamCountry "FRA"]
[BlackTeamCountry "FRA"]

1. d4 d6 2. c4 e5 3. Nf3 e4 4. Ng5 f5 5. Nc3 h6 6. Nh3 g5 7. e3 Nf6 8. Be2 Bg7 9. f3 0-0 10. fxe4 Nxe4 11. Nxe4 fxe4 12. Nf2 Qe7 13. 0-0 Nd7 14. Bd2 Nf6 15. Bc3 Bf5 16. Rc1 Bg6 17. g4 Nd7 18. Nh1 Rxf1+ 19. Qxf1 Rf8 20. Qg2 c5 21. Ng3 Nb6 22. b3 Nd7 23. Rf1 Rxf1+ 24. Qxf1 Bh8 25. Qf2 Nb8 26. Nf5 Qf8 27. Bf1 Bxf5 28. gxf5 Nc6 29. Bg2 Qe7 30. Bb2 cxd4 31. Bxd4 Bxd4 32. exd4 e3 33. Qb2 e2 34. Bd5+ Kf8 0-1

[Event "FRA-chT1"]
[Site "France"]
[Date "2002.??.??"]
[Round "7.7"]
[White "Boudre, Jean Pierre"]
[Black "Peyrat, Olivier"]
[Result "1-0"]
[WhiteElo "2384"]
[BlackElo "2308"]
[PlyCount "125"]
[EventDate "2002.02.??"]
[EventType "team-tourn"]
[EventRounds "11"]
[EventCountry "FRA"]
[SourceTitle "EXT 2003"]
[Source "ChessBase"]
[SourceDate "2002.11.25"]
[SourceVersion "1"]
[SourceVersionDate "2002.11.25"]
[SourceQuality "1"]
[WhiteTeam "Montpellier"]
[BlackTeam "Noyon"]
[WhiteTeamCountry "FRA"]
[BlackTeamCountry "FRA"]

1. e4 c5 2. Nf3 e6 3. d4 cxd4 4. Nxd4 a6 5. Bd3 Qc7 6. 0-0 Nf6 7. Qe2 d6 8. c4 Nbd7 9. b3 Be7 10. Bb2 b6 11. Nc3 Bb7 12. f4 g6 13. Rae1 0-0 14. Nf3 Rae8 15. Kh1 Nc5 16. Bb1 Qb8 17. Qd2 Rd8 18. f5 Rfe8 19. fxe6 fxe6 20. b4 Ncd7 21. Ng5 Bf8 22. Ne2 e5 23. a3 Bh6 24. Ng3 Kg7 25. h4 Re7 26. Rd1 Nf8 27. Qf2 N8d7 28. Bc1 Rf8 29. Qd2 Bxg5 30. hxg5 Ne8 31. Rxf8 Nxf8 32. Qf2 Qc7 33. Be3 Rf7 34. Qe2 Ne6 35. Ba2 Nf4 36. Qd2 Qe7 37. c5 dxc5 38. Bxf7 Kxf7 39. bxc5 bxc5 40. Qd7 Kf8 41. Qxe7+ Kxe7 42. Bxc5+ Ke6 43. Rb1 Bc8 44. Bb4 Bd7 45. Bc3 Bb5 46. a4 Bxa4 47. Rb6+ Kf7 48. Rxa6 Bc2 49. Ra7+ Kf8 50. Bb4+ Kg8 51. Re7 Ng7 52. Bd6 Nge6 53. Bxe5 Kf8 54. Bf6 Kg8 55. Kg1 Bb1 56. Kf2 Ba2 57. Nf1 Bb3 58. Ne3 Kf8 59. Rb7 Ba4 60. Kf3 Nd3 61. Nc4 Nec5 62. Rc7 Nd7 63. Nd6 1-0

[Event "FRA-chT1"]
[Site "France"]
[Date "2002.??.??"]
[Round "9.3"]
[White "Peyrat, Olivier"]
[Black "Nijboer, Friso"]
[Result "1/2-1/2"]
[WhiteElo "2308"]
[BlackElo "2574"]
[PlyCount "71"]
[EventDate "2002.02.??"]
[EventType "team-tourn"]
[EventRounds "11"]
[EventCountry "FRA"]
[SourceTitle "EXT 2003"]
[Source "ChessBase"]
[SourceDate "2002.11.25"]
[SourceVersion "1"]
[SourceVersionDate "2002.11.25"]
[SourceQuality "1"]
[WhiteTeam "Noyon"]
[BlackTeam "Nancy"]
[WhiteTeamCountry "FRA"]
[BlackTeamCountry "FRA"]

1. Nf3 Nf6 2. c4 g6 3. g3 Bg7 4. Bg2 0-0 5. 0-0 d6 6. Nc3 Nc6 7. Rb1 a5 8. a3 e5 9. d3 Nd4 10. Bg5 h6 11. Bxf6 Bxf6 12. b4 axb4 13. axb4 c6 14. b5 Bg4 15. bxc6 bxc6 16. Rb7 Bxf3 17. Bxf3 Ra3 18. Nb1 Qa8 19. Rb6 Nxf3+ 20. exf3 Ra6 21. Rxa6 Qxa6 22. Nc3 Qa8 23. Qc2 d5 24. Rb1 Rd8 25. cxd5 cxd5 26. Nb5 Qc8 27. Rc1 Qxc2 28. Rxc2 Kf8 29. Rc7 Be7 30. Rb7 f5 31. Kf1 Kf7 32. Ke2 Ke6 33. Rb6+ Kf7 34. Rb7 Ke6 35. Rb6+ Kf7 36. Rb7 1/2-1/2

[Event "FRA-chT"]
[Site "France"]
[Date "2001.04.28"]
[Round "8.5"]
[White "Giffard, Nicolas"]
[Black "Peyrat, Olivier"]
[Result "1-0"]
[WhiteElo "2393"]
[BlackElo "2383"]
[PlyCount "117"]
[EventDate "2001.02.02"]
[EventType "team-tourn"]
[EventRounds "11"]
[EventCountry "FRA"]
[SourceTitle "EXT 2002"]
[Source "ChessBase"]
[SourceDate "2001.11.25"]
[SourceVersion "1"]
[SourceVersionDate "2001.11.25"]
[SourceQuality "1"]
[WhiteTeam "Drancy"]
[BlackTeam "Noyon"]
[WhiteTeamCountry "FRA"]
[BlackTeamCountry "FRA"]

1. d4 d6 2. Nf3 Bg4 3. e3 Nd7 4. c4 e5 5. Nc3 Be7 6. Be2 c6 7. 0-0 Ngf6 8. e4 0-0 9. Be3 a6 10. d5 cxd5 11. cxd5 Bxf3 12. Bxf3 Qb8 13. a4 Rc8 14. Bg4 Re8 15. Bh3 Bd8 16. a5 b6 17. b4 Qb7 18. Qd3 Bc7 19. Rfc1 Rec8 20. b5 Bd8 21. axb6 axb5 22. Nxb5 Rxc1+ 23. Rxc1 Bxb6 24. Nxd6 Qb8 25. Bxd7 Qxd6 26. Bc6 Bxe3 27. Qxe3 Rd8 28. f3 Nh5 29. g3 g6 30. Rb1 Kg7 31. Rb7 Rb8 32. Rxb8 Qxb8 33. Qc3 f6 34. Kg2 Qd6 35. Bb5 Kf7 36. Qa5 Ng7 37. Qa7+ Kf8 38. Qd7 Qxd7 39. Bxd7 Ke7 40. Ba4 Kd6 41. g4 Kc5 42. Kf2 Kd4 43. Bd7 h5 44. h3 h4 45. Ke2 Kc4 46. Be6 Kc5 47. Bf7 g5 48. Kd3 Kb5 49. Kc3 Kc5 50. Kb3 Kb5 51. Bg6 Kc5 52. Ka4 Kc4 53. Ka5 Kc5 54. Ka6 Kd6 55. Kb6 Kd7 56. Kb7 Kd8 57. Kc6 Kc8 58. Kd6 Kd8 59. Bf7 1-0

[Event "FRA-chT"]
[Site "France"]
[Date "2001.02.04"]
[Round "3.6"]
[White "Peyrat, Olivier"]
[Black "Pavlovic, Milos"]
[Result "1/2-1/2"]
[WhiteElo "2383"]
[BlackElo "2496"]
[PlyCount "37"]
[EventDate "2001.02.02"]
[EventType "team-tourn"]
[EventRounds "11"]
[EventCountry "FRA"]
[SourceTitle "EXT 2002"]
[Source "ChessBase"]
[SourceDate "2001.11.25"]
[SourceVersion "1"]
[SourceVersionDate "2001.11.25"]
[SourceQuality "1"]
[WhiteTeam "Noyon"]
[BlackTeam "Clichy"]
[WhiteTeamCountry "FRA"]
[BlackTeamCountry "FRA"]

1. c4 e5 2. g3 Nf6 3. Bg2 d5 4. cxd5 Nxd5 5. Nf3 Nc6 6. 0-0 Nb6 7. d3 Be7 8. a3 0-0 9. Nbd2 a5 10. b3 Be6 11. Bb2 f6 12. Rc1 Qd7 13. Qc2 Rfd8 14. Rfd1 Qe8 15. Nc4 Qf7 16. Nfd2 Nd5 17. Nf3 Nb6 18. Nfd2 Nd5 19. Nf3 1/2-1/2

[Event "Bagneux 9th"]
[Site "Bagneux"]
[Date "2001.??.??"]
[Round "6"]
[White "Leroy, Didier"]
[Black "Peyrat, Olivier"]
[Result "1-0"]
[WhiteElo "2375"]
[BlackElo "2345"]
[PlyCount "27"]
[EventDate "2001.??.??"]
[EventType "tourn"]
[EventRounds "9"]
[EventCountry "FRA"]
[EventCategory "4"]
[SourceTitle "EXT 2003"]
[Source "ChessBase"]
[SourceDate "2002.11.25"]
[SourceVersion "1"]
[SourceVersionDate "2002.11.25"]
[SourceQuality "1"]

1. d4 d6 2. e4 Nf6 3. Nc3 e5 4. f4 exd4 5. Qxd4 Be7 6. h3 0-0 7. Qf2 Re8 8. Bd3 Nxe4 9. Bxe4 d5 10. Bxh7+ Kxh7 11. Nge2 Bf6 12. Qf3 c6 13. 0-0 Bf5 14. Qh5+ 1-0

[Event "Bagneux 9th"]
[Site "Bagneux"]
[Date "2001.??.??"]
[Round "1"]
[White "Pasztor, Ferenc"]
[Black "Peyrat, Olivier"]
[Result "1-0"]
[WhiteElo "2295"]
[BlackElo "2345"]
[PlyCount "103"]
[EventDate "2001.??.??"]
[EventType "tourn"]
[EventRounds "9"]
[EventCountry "FRA"]
[EventCategory "4"]
[SourceTitle "EXT 2003"]
[Source "ChessBase"]
[SourceDate "2002.11.25"]
[SourceVersion "1"]
[SourceVersionDate "2002.11.25"]
[SourceQuality "1"]

1. d4 d6 2. e4 Nf6 3. Nc3 Nbd7 4. Be2 e5 5. d5 c6 6. Be3 a6 7. h3 cxd5 8. exd5 b5 9. Bf3 Bb7 10. Qd2 Nb6 11. b3 Qc7 12. Nge2 Be7 13. 0-0 0-0 14. g3 b4 15. Bxb6 Qxb6 16. Na4 Qb5 17. c4 bxc3 18. Nexc3 Qa5 19. b4 Qd8 20. a3 Nd7 21. Bg2 Rc8 22. Rad1 Rc4 23. Qe3 Re8 24. Qa7 Qa8 25. Qxa8 Bxa8 26. h4 f5 27. Rfe1 g6 28. Bf1 Rc7 29. Bxa6 Rb8 30. Rd2 Ra7 31. b5 Bd8 32. Na2 Bb7 33. Nb4 Bxa6 34. bxa6 Rb5 35. Nc3 Rc5 36. Na4 Rc8 37. Rdd1 Kf7 38. Rc1 Rxc1 39. Rxc1 Ba5 40. Rc6 Ke7 41. Nc3 Nc5 42. Nb5 Ra8 43. a7 Nb7 44. Rc8 Rxc8 45. Nc6+ Kf7 46. Nb8 Rc1+ 47. Kg2 Nc5 48. a8Q Nd3 49. Qxa5 Ne1+ 50. Kh3 Nf3 51. Nxd6+ Ke7 52. Qa7+ 1-0